| 000 | 00390nam a22001697a 4500 | ||
|---|---|---|---|
| 003 | OSt | ||
| 005 | 20211002113301.0 | ||
| 008 | 211002b |||||||| |||| 00| 0 eng d | ||
| 020 | _a0749442360 | ||
| 040 | _cHU | ||
| 082 |
_23rd _a658.81/HEI |
||
| 100 |
_aMILLER HEIMAN _99307 |
||
| 245 | _aThe New Strategic Selling | ||
| 260 |
_bKOGAN PAGE _c2004 |
||
| 300 | _a306 | ||
| 942 |
_2ddc _cBOOKS _n0 |
||
| 999 |
_c8694 _d8694 |
||